Rules and orders of the Punjab High Court (Record no. 397788)

000 -LEADER
fixed length control field 00326cam a22001097a 4500
008 - FIXED-LENGTH DATA ELEMENTS--GENERAL INFORMATION
fixed length control field 180718b-- xxu||||| |||| 00| 0 eng d
082 ## - DEWEY DECIMAL CLASSIFICATION NUMBER
Classification number H22x5433 In2r
245 ## - TITLE STATEMENT
Title Rules and orders of the Punjab High Court
260 ## - PUBLICATION, DISTRIBUTION, ETC.
Place of publication, distribution, etc. Chandigarh
Name of publisher, distributor, etc. Department of Pprinting and Sstationery
Date of publication, distribution, etc. --
300 ## - PHYSICAL DESCRIPTION
Extent -v-
500 ## - GENERAL NOTE
General note Library has volume 5-6
Holdings
Withdrawn status Lost status Damaged status Not for loan Permanent Location Current Location Date acquired Full call number Barcode Date last seen Price effective from Koha item type
        Indian Institute of Public Administration Indian Institute of Public Administration 2001-07-10 H22x5433 In2r 27759 2018-07-21 2018-07-21 Book
        Indian Institute of Public Administration Indian Institute of Public Administration 2001-07-10 H22x5433 In2r 27758 2018-07-21 2018-07-21 Book

Powered by Koha